Normal view
MARC view
Entry Geographic Name
001 - CONTROL NUMBER
- control field: 9116
003 - CONTROL NUMBER IDENTIFIER
- control field: ARRUPE
005 - DATE AND TIME OF LATEST TRANSACTION
- control field: 20140318113016.0
008 - FIXED-LENGTH DATA ELEMENTS
- fixed length control field: 140318|| aca||aabn | a|a d
040 ## - CATALOGING SOURCE
- Original cataloging agency: ARRUPE
- Transcribing agency: ARRUPE
151 ## - HEADING--GEOGRAPHIC NAME
- Geographic name: Africa
- General subdivision: Religion.
670 ## - SOURCE DATA FOUND
- Source citation: Work cat.: (ARRUPE)0: Thomas, Douglas E. 9113, African traditional religion in the modern world /, 2005.